Effect of Azotobacter inoculation on rubber seedlings (Record no. 57698)
[ view plain ]
| 000 -LEADER | |
|---|---|
| fixed length control field | 01303nam a2200205Ia 4500 |
| 100 ## - MAIN ENTRY--AUTHOR NAME | |
| Personal name | Joseph K |
| 245 #0 - TITLE STATEMENT | |
| Title | Effect of Azotobacter inoculation on rubber seedlings |
| 260 ## - PUBLICATION, DISTRIBUTION, ETC. (IMPRINT) | |
| Name of publisher | Indian Journal of Natural Rubber Research |
| Year of publication | 1997 |
| 300 ## - PHYSICAL DESCRIPTION | |
| Number of Pages | 34-38 |
| 520 ## - SUMMARY, ETC. | |
| Summary, etc | Five isolates of Azotobacter collected from different regions of Kerala were studied for their survival in rubber (Hevea brasiliensis) plantation soil and for their nitrogen fixing capacity at different pH levels. Only two survived in soil at pH 4.8. One isolate showed more nitrogenase activity from pH 4.5 to 6 and was studied for its effects on growth of rubber seedlings when used in combination with different levels of the recommended dose of urea. The girth of seedlings which received 50 per cent of recommended dose of nitrogen with azotobacter inoculation was comparable to plants which received 100 per cent of the recommended dose alone. Azotobacter inoculation augmented the population of various microorganisms in the rhizosphere of rubber seedlings. |
| 650 ## - SUBJECT ADDED ENTRY--TOPICAL TERM | |
| Topical Term | Azotobacter |
| 650 ## - SUBJECT ADDED ENTRY--TOPICAL TERM | |
| Topical Term | Hevea |
| 650 ## - SUBJECT ADDED ENTRY--TOPICAL TERM | |
| Topical Term | Microbial population |
| 650 ## - SUBJECT ADDED ENTRY--TOPICAL TERM | |
| Topical Term | Nitrogenase activity |
| 700 ## - ADDED ENTRY--PERSONAL NAME | |
| Personal name | Kothandaraman R |
| 700 ## - ADDED ENTRY--PERSONAL NAME | |
| Personal name | Mathew J |
| 700 ## - ADDED ENTRY--PERSONAL NAME | |
| Personal name | Vimalakumari T G |
| 942 ## - ADDED ENTRY ELEMENTS (KOHA) | |
| Koha item type | Journals |
| Withdrawn status | Lost status | Damaged status | Not for loan | Home library | Current library | Shelving location | Date acquired | Serial Enumeration / chronology | Koha item type |
|---|---|---|---|---|---|---|---|---|---|
| Journals | RRII Library | RRII Library | Pathology | 17/12/2021 | Volume 10, Issue 02-Jan | Journals |